Il était une fois l'homme - série d'animation - Statistiques

Statistiques générales
  • Ce quiz a été pris 34 fois
  • Le résultat moyen est 15 sur 26
Statistiques - réponses
Question Réponse % Correct
L'homme de... Néandertal
88%
L'(...) Amérique
75%
La Révolution ... française
75%
(...) d'Elisabeth L'Angleterre
75%
Les conquêtes de ... l'Islam
75%
Le Grand Siècle de... Louis XIV
75%
Les (...) fertiles Vallées
75%
La guerre de (...) ans cent
63%
Le siècle (...) espagnol d'or
63%
Les années ... folles
63%
(...) des peuples Le printemps
63%
Le siècle des... Lumières
63%
(...) le Grand et son époque Pierre
63%
Pax... Romana
63%
Les (...) de cathédrales Bâtisseurs
50%
Le... Cro-Magnon
50%
Les premiers... Empires
50%
Ah la belle ... époque
50%
Et (...) fut la Terre
50%
Le siècle de... Périclès
50%
Le ... Quattrocento
50%
Il était une fois, la ... Terre
50%
L'âge des... Vikings
50%
Les... Carolingiens
38%
L'âge d'or... des Provinces-Unies
38%
Les (...) de Marco Polo Voyages
38%
Aucun quiz correspondant
Distribution des résultats
% des personnes avec chaque résultat
Percentile par nombre de réponses
Votre historique - résultats
Vous n’avez pas pris ce quiz